000 00940cam a2200289 i 4500
001 1806625
003 OSt
005 20200629125138.0
008 790712s1978 ii bj b 001 0 eng
010 _a 78908149
020 _cRs75.00
040 _aDLC
_coclc
_dDLC
043 _aa-ii---
050 0 0 _aDS425
_b.T472
082 0 0 _a934
_bTHA/A
100 _aThapar, Romila
_9444
245 1 0 _aAncient Indian social history :
_bsome interpretations /
_cRomila Thapar.
260 _aNew Delhi :
_bOrient Longman,
_cc1978.
300 _ax, 396 p. :
_bgeneal. tables, map ;
_c23 cm.
504 _aIncludes bibliographical references and index.
651 0 _aIndia
_xCivilization.
651 0 _aIndia
_xHistory
_yTo 324 B.C.
651 0 _aIndia
_xHistory
_y324 B.C.-1000 A.D.
651 0 _aIndia
_xHistoriography.
906 _a7
_bcbc
_corignew
_d4
_encip
_f19
_gy-gencatlg
942 _2ddc
_cBK
_h934
_iTHA/A
_k934
_mTHA/A
999 _c20327
_d20327